[Event "XIII Torneo Leonardo di Bona Magistrale"]
[Site "Cutro ITA"]
[Date "2007.05.01"]
[Round "9"]
[White "Roeder, Matthias"]
[Black "Vijayalakshmi, Subbaraman"]
[Result "1/2-1/2"]
[WhiteElo "2453"]
[BlackElo "2425"]
[PlyCount "21"]
[EventDate "2007.04.23"]

1. d4 Nf6 2. c4 e6 3. Nf3 b6 4. Nc3 Bb7 5. a3 d5 6. cxd5 Nxd5 7. Qc2 Nxc3 8.
Qxc3 Nd7 9. Bg5 Be7 10. Bxe7 Kxe7 11. g3 1/2-1/2

[Event "XIII Torneo Leonardo di Bona Magistrale"]
[Site "Cutro ITA"]
[Date "2007.05.01"]
[Round "9"]
[White "Scerbo, Antonio"]
[Black "Van Hoolandt, Patrick"]
[Result "0-1"]
[WhiteElo "2117"]
[BlackElo "2205"]
[PlyCount "74"]
[EventDate "2007.04.23"]

1. d4 Nf6 2. c4 e6 3. Nf3 Bb4+ 4. Nbd2 b6 5. g3 Bb7 6. Bg2 O-O 7. O-O d5 8. b3
a5 9. Bb2 Bd6 10. Rc1 Na6 11. Qc2 Qe7 12. Ne5 c5 13. e3 Rfc8 14. Ndf3 Ne4 15.
Rfd1 Nb4 16. Qb1 Ra7 17. cxd5 exd5 18. dxc5 bxc5 19. Ba1 Rb8 20. Qb2 f6 21. Nd3
Nxd3 22. Rxd3 c4 23. bxc4 dxc4 24. Qd4 cxd3 25. Qxa7 d2 26. Rd1 Ra8 27. Qd4 Bb4
28. Rxd2 Nxd2 29. Nxd2 Bxg2 30. Kxg2 Rd8 31. Qc4+ Qf7 32. Qxf7+ Kxf7 33. Nb3
Rc8 34. Nd4 Rc5 35. Kf3 a4 36. Ke2 Rc1 37. Bb2 Rb1 0-1

[Event "XIII Torneo Leonardo di Bona Magistrale"]
[Site "Cutro ITA"]
[Date "2007.05.01"]
[Round "9"]
[White "Valotta, Massimiliano"]
[Black "Kasparova, Tatiana"]
[Result "1/2-1/2"]
[WhiteElo "1889"]
[BlackElo "2218"]
[PlyCount "129"]
[EventDate "2007.04.23"]

1. e4 c6 2. d4 d5 3. exd5 cxd5 4. Bd3 Nc6 5. c3 Nf6 6. h3 g6 7. Nf3 Bg7 8. O-O
O-O 9. Nbd2 Bf5 10. Qc2 e6 11. Nh2 Rc8 12. Qb1 Qd6 13. g4 Bxd3 14. Qxd3 e5 15.
Qg3 Ne4 16. Nxe4 dxe4 17. Be3 Rfd8 18. Rfd1 exd4 19. Bf4 Qe6 20. g5 Ne7 21.
cxd4 Nf5 22. Qb3 Qxb3 23. axb3 Bxd4 24. Ng4 a6 25. Ra4 Kf8 26. Re1 Rc2 27. Rc4
Rxc4 28. bxc4 Re8 29. b3 Kg7 30. Rd1 Re7 31. Bd6 Re6 32. c5 f6 33. gxf6+ Bxf6
34. Nxf6 Kxf6 35. b4 Kf7 36. Bf4 h6 37. h4 Re7 38. Rd5 Kf6 39. Bd6 Nxd6 40.
Rxd6+ Kf5 41. Kg2 Re6 42. Rd5+ Kf6 43. Kg3 e3 44. fxe3 Rxe3+ 45. Kf4 Re6 46.
Rd7 g5+ 47. hxg5+ hxg5+ 48. Kf3 b6 49. cxb6 Rxb6 50. Rd4 Ke5 51. Rc4 Rf6+ 52.
Ke3 Kf5 53. Kf3 Rd6 54. Rc5+ Kg6 55. Ra5 Kh5 56. b5 axb5 57. Rxb5 Kh4 58. Kg2
Rd2+ 59. Kg1 Rd3 60. Rb1 g4 61. Ra1 Kh3 62. Rb1 Rg3+ 63. Kh1 Ra3 64. Kg1 Ra2
65. Rc1 1/2-1/2

[Event "C.to Regionale Puglia"]
[Site "Taranto ITA"]
[Date "2007.05.01"]
[Round "6"]
[White "Limongelli, Sergio"]
[Black "Francescone, Giovanni"]
[Result "1-0"]
[WhiteElo "1988"]
[BlackElo "1733"]
[PlyCount "43"]
[EventDate "2007.04.25"]

1. e4 c6 2. d4 d5 3. e5 Bf5 4. Nc3 e6 5. g4 Bg6 6. Nge2 Nd7 7. h4 h5 8. Nf4 c5
9. Nxg6 fxg6 10. Bd3 Ne7 11. Nb5 Kf7 12. Nd6+ Kg8 13. Qf3 cxd4 14. Qf7+ Kh7 15.
f4 Nc5 16. gxh5 Nxd3+ 17. cxd3 gxh5 18. Qxh5+ Kg8 19. Qf7+ Kh7 20. h5 Nf5 21.
Nxf5 exf5 22. h6 1-0

[Event "C.to Regionale Piemonte"]
[Site "Ivrea ITA"]
[Date "2007.04.29"]
[Round "3"]
[White "Viglino, Antonio"]
[Black "Parodi, Alessandro"]
[Result "1-0"]
[WhiteElo "1847"]
[BlackElo "1988"]
[PlyCount "87"]
[EventDate "2007.04.27"]

1. Nf3 Nf6 2. c4 g6 3. Nc3 Bg7 4. e4 d6 5. d4 O-O 6. Be2 e5 7. O-O Nc6 8. d5
Ne7 9. b4 Nh5 10. Re1 f5 11. Ng5 Nf6 12. f3 c6 13. Be3 h6 14. Ne6 Bxe6 15. dxe6
Qc7 16. b5 Kh8 17. a4 Rae8 18. a5 Nc8 19. Qb3 c5 20. Nd5 Qd8 21. b6 a6 22. Nc7
Re7 23. Rab1 Na7 24. bxa7 Qxc7 25. Qb6 Ra8 26. exf5 gxf5 27. Red1 Ne8 28. Bd3
f4 29. Bf2 Qxb6 30. axb6 Rxe6 31. Be4 Re7 32. Ra1 Rd7 33. Rxa6 Nf6 34. Ra2 Nxe4
35. fxe4 Rdd8 36. Bxc5 Bf8 37. Bf2 Rdc8 38. c5 dxc5 39. Rd7 c4 40. Rxb7 c3 41.
Rc2 Rd8 42. h3 Rd1+ 43. Kh2 Rf1 44. Rb8 1-0

[Event "C.to Regionale Emilia-Romagna"]
[Site "Formigine ITA"]
[Date "2007.04.28"]
[Round "1"]
[White "Arnetta, Marianna"]
[Black "Cricca, Andrea"]
[Result "1/2-1/2"]
[WhiteElo "2039"]
[BlackElo "1698"]
[PlyCount "52"]
[EventDate "2007.04.28"]

1. e4 d5 2. exd5 Qxd5 3. Nc3 Qa5 4. d4 c6 5. Bc4 Nf6 6. Nf3 Bg4 7. h3 Bxf3 8.
Qxf3 Nbd7 9. Bd2 e6 10. Nd5 Qd8 11. Nxf6+ Qxf6 12. Qe4 Bd6 13. O-O Qg6 14. Rfe1
Nf6 15. Qxg6 hxg6 16. Bg5 O-O-O 17. Bb3 Be7 18. Rad1 Nd5 19. Bxe7 Nxe7 20. c3
Rh5 21. Re2 Nd5 22. Bxd5 Rhxd5 23. Rde1 c5 24. dxc5 Rxc5 25. f3 Rdd5 26. Kf2
Kc7 1/2-1/2

[Event "C.to Regionale Emilia-Romagna"]
[Site "Formigine ITA"]
[Date "2007.04.28"]
[Round "1"]
[White "Bertelli, Andrea"]
[Black "Garofalo, Sergio"]
[Result "1/2-1/2"]
[WhiteElo "1440"]
[BlackElo "1812"]
[PlyCount "74"]
[EventDate "2007.04.28"]

1. Nf3 f5 2. d4 Nf6 3. g3 e6 4. Bg5 Be7 5. Bg2 d6 6. Nbd2 O-O 7. O-O Nbd7 8. c3
h6 9. Bxf6 Nxf6 10. Re1 c6 11. Qc2 Qe8 12. Qb3 Kh7 13. e4 fxe4 14. Nxe4 Nxe4
15. Rxe4 Qh5 16. Qc2 Kh8 17. Re3 Bd7 18. Rae1 Rf6 19. Qe2 Raf8 20. Nh4 Qf7 21.
f4 g5 22. fxg5 hxg5 23. Nf3 g4 24. Nh4 e5 25. dxe5 Rf2 26. Qd3 Bxh4 27. e6
Rxg2+ 28. Kxg2 Qf2+ 29. Kh1 Bxg3 30. hxg3 Rf6 31. Qd4 Kg8 32. Qxf6 Qxf6 33.
exd7 Kf7 34. Kg2 Kg7 35. Re7+ Kf8 36. Re8+ Kf7 37. d8=Q Qf3+ 1/2-1/2

[Event "C.to Regionale Emilia-Romagna"]
[Site "Formigine ITA"]
[Date "2007.04.28"]
[Round "1"]
[White "Bertocchi, Fulvio"]
[Black "Pelliconi, Vanes"]
[Result "1-0"]
[WhiteElo "1688"]
[BlackElo "2019"]
[PlyCount "88"]
[EventDate "2007.04.28"]

1. e4 d6 2. d4 Nf6 3. Nc3 g6 4. Nf3 Bg7 5. Bc4 O-O 6. h3 c6 7. O-O Qc7 8. a3
Nbd7 9. Bf4 e5 10. dxe5 dxe5 11. Bg5 Nc5 12. Qe2 Ne6 13. Rad1 Nxg5 14. Nxg5 h6
15. Nf3 Bd7 16. Rd2 Rad8 17. Rfd1 Nh5 18. b4 b6 19. Rd6 Be6 20. Rxd8 Rxd8 21.
Rxd8+ Qxd8 22. Bxe6 fxe6 23. h4 Qd6 24. Qd2 Bf8 25. Na4 Nf6 26. Qd3 Kf7 27. Nb2
Qxd3 28. Nxd3 c5 29. Nfxe5+ Kg7 30. f3 cxb4 31. axb4 a5 32. bxa5 bxa5 33. Nb2
Bc5+ 34. Kf1 Bd4 35. Ned3 Nh5 36. Nc4 a4 37. Ke2 Bc3 38. Kd1 g5 39. Nc5 Nf4 40.
Nxa4 Bf6 41. e5 Be7 42. Nc3 Bb4 43. hxg5 hxg5 44. g4 Bxc3 1-0

[Event "C.to Regionale Emilia-Romagna"]
[Site "Formigine ITA"]
[Date "2007.04.28"]
[Round "1"]
[White "Bolognesi, Alberto"]
[Black "Cavicchi, Francesco"]
[Result "1/2-1/2"]
[WhiteElo "1789"]
[BlackElo "1440"]
[PlyCount "20"]
[EventDate "2007.04.28"]

1. e4 c5 2. Nf3 e6 3. Nc3 Nf6 4. e5 Nd5 5. Bc4 Nxc3 6. bxc3 d5 7. Bb5+ Bd7 8.
Bxd7+ Qxd7 9. O-O b5 10. d3 Be7 1/2-1/2

[Event "C.to Regionale Emilia-Romagna"]
[Site "Formigine ITA"]
[Date "2007.04.28"]
[Round "1"]
[White "Buriani, Andrea"]
[Black "Piccinini, Samuele"]
[Result "1-0"]
[WhiteElo "2144"]
[BlackElo "1749"]
[PlyCount "67"]
[EventDate "2007.04.28"]

1. d4 d5 2. Nf3 Nf6 3. c4 e6 4. Nc3 Be7 5. Bg5 Nbd7 6. e3 O-O 7. Bd3 a6 8. O-O
dxc4 9. Bxc4 b5 10. Bd3 Bb7 11. Rc1 Rc8 12. Qe2 c5 13. a3 cxd4 14. exd4 Nd5 15.
Nxd5 Bxg5 16. Rxc8 Bxc8 17. Nxg5 Qxg5 18. Qe4 g6 19. Ne3 Nf6 20. Qe5 Qxe5 21.
dxe5 Nd7 22. f4 Bb7 23. Rc1 Rc8 24. Rxc8+ Bxc8 25. Kf2 Bb7 26. g3 Nc5 27. Ke2
Nxd3 28. Kxd3 Kf8 29. Kd4 Ke7 30. Kc5 Bc8 31. Kb6 h5 32. Nc2 f6 33. exf6+ Kxf6
34. Kc7 1-0

[Event "C.to Regionale Emilia-Romagna"]
[Site "Formigine ITA"]
[Date "2007.04.28"]
[Round "1"]
[White "Carrara, Salvatore"]
[Black "Muccini, Andrea"]
[Result "1-0"]
[WhiteElo "1812"]
[BlackElo "1476"]
[PlyCount "95"]
[EventDate "2007.04.28"]

1. d4 d6 2. Nf3 Nf6 3. e3 Nc6 4. c3 g6 5. Bd3 Bg7 6. O-O O-O 7. Nbd2 e5 8. b3
Re8 9. Qc2 Qe7 10. dxe5 dxe5 11. Bb5 Bd7 12. Bb2 Qd6 13. Rfd1 a6 14. Ne4 Qe7
15. Nxf6+ Bxf6 16. Be2 Bf5 17. e4 Be6 18. Bc1 Red8 19. Be3 Bg4 20. h3 Bxf3 21.
Bxf3 Bg5 22. Bxg5 Qxg5 23. Be2 Rd6 24. Rxd6 cxd6 25. Rd1 Rd8 26. Qd3 Ne7 27.
Qc4 Nc6 28. Qd5 Rd7 29. Bxa6 Ne7 30. Qb5 Rc7 31. Bxb7 Rxc3 32. a4 Rxh3 33. Re1
Kg7 34. a5 Qd2 35. gxh3 Qxe1+ 36. Kg2 Qc1 37. Qd3 Qc7 38. a6 d5 39. exd5 g5 40.
d6 Qd7 41. Qe3 Ng6 42. b4 f5 43. Qc5 Nf4+ 44. Kh2 Kh6 45. Qc6 Qf7 46. d7+ Kh5
47. d8=Q Qb3 48. Qf3+ 1-0

[Event "C.to Regionale Emilia-Romagna"]
[Site "Formigine ITA"]
[Date "2007.04.28"]
[Round "1"]
[White "Chiarion, Elisa"]
[Black "Salami, Marco"]
[Result "0-1"]
[WhiteElo "1769"]
[BlackElo "2218"]
[PlyCount "52"]
[EventDate "2007.04.28"]

1. e4 e6 2. d4 d5 3. Nc3 Bb4 4. Nge2 dxe4 5. a3 Bxc3+ 6. Nxc3 Nc6 7. Bb5 Nge7
8. Nxe4 Qd5 9. Qd3 f5 10. Nc3 Qxg2 11. Rf1 Bd7 12. Bf4 O-O-O 13. O-O-O Qg4 14.
Qe3 Ng6 15. Be5 f4 16. Qe4 Ncxe5 17. dxe5 Bxb5 18. Nxb5 a6 19. Nd4 Rd5 20. Nf3
Rhd8 21. Rxd5 Rxd5 22. Rg1 Qh5 23. Rg5 Qh3 24. Qe2 Qh6 25. Rg1 Nxe5 26. Kb1 Qh5
0-1

[Event "C.to Regionale Emilia-Romagna"]
[Site "Formigine ITA"]
[Date "2007.04.28"]
[Round "1"]
[White "Chierici, James"]
[Black "Marconcini, Fabio"]
[Result "0-1"]
[WhiteElo "1577"]
[BlackElo "1944"]
[PlyCount "144"]
[EventDate "2007.04.28"]

1. e4 d5 2. exd5 Qxd5 3. Nc3 Qd8 4. Nf3 Nf6 5. Be2 Bg4 6. O-O e6 7. Ne5 Bxe2 8.
Qxe2 Nbd7 9. d4 Be7 10. Bg5 O-O 11. Ne4 h6 12. Nxd7 Nxd7 13. Bxe7 Qxe7 14. Qb5
b6 15. Rad1 Nf6 16. Rfe1 Rfc8 17. Re3 a6 18. Qc6 Nd5 19. Rf3 Nb4 20. Qc4 f5 21.
Rxf5 Kh8 22. Rh5 Nd5 23. g3 Qf7 24. Rh4 Rf8 25. Qe2 b5 26. c3 Rae8 27. Rf1 Qe7
28. Qd3 Rf5 29. a3 Ref8 30. f4 Kg8 31. Qe2 Ra8 32. c4 bxc4 33. Rc1 Kh8 34. Nc3
Nb6 35. Re1 Qd6 36. Rd1 Qc6 37. Rh5 Rxh5 38. Qxh5 Na4 39. Nxa4 Qxa4 40. Qe2 Qb3
41. Rc1 Rb8 42. Qxc4 Qe3+ 43. Kf1 Rxb2 44. Rc2 Qf3+ 45. Ke1 Rb1+ 46. Rc1 Qe3+
47. Kd1 Qg1+ 48. Kd2 Qxh2+ 49. Kd1 Qg1+ 50. Kd2 Rb2+ 51. Rc2 Qf2+ 52. Kc1 Rxc2+
53. Qxc2 Qe3+ 54. Kb1 Qg1+ 55. Ka2 Qxg3 56. Qxc7 Qf2+ 57. Kb3 Qxd4 58. Qc8+ Kh7
59. Qxe6 Qxf4 60. Qxa6 h5 61. Qd3+ g6 62. Qd7+ Kh6 63. Qd8 h4 64. Qh8+ Kg5 65.
Qd8+ Kg4 66. Qd7+ Kg3 67. Qe6 g5 68. Qe1+ Qf2 69. Qe5+ Qf4 70. Qe1+ Kg2 71. a4
h3 72. Kb2 Qf2+ 0-1

[Event "C.to Regionale Emilia-Romagna"]
[Site "Formigine ITA"]
[Date "2007.04.28"]
[Round "1"]
[White "Ferretti, Alessandro"]
[Black "Bianchi, Andrea"]
[Result "0-1"]
[WhiteElo "1748"]
[BlackElo "2131"]
[PlyCount "76"]
[EventDate "2007.04.28"]

1. e4 d6 2. d4 Nf6 3. Nc3 e5 4. dxe5 dxe5 5. Qxd8+ Kxd8 6. Nf3 Bd6 7. Bc4 Be6
8. Bxe6 fxe6 9. Be3 Nc6 10. O-O-O Ke7 11. Rhe1 a6 12. Nd2 b5 13. f3 Na5 14. Re2
h6 15. Kb1 Nd7 16. g3 Nb6 17. Bxb6 cxb6 18. Re3 Rhd8 19. Rd3 Bb4 20. a3 Rxd3
21. cxd3 Bd6 22. Ne2 Nc6 23. f4 Rf8 24. d4 exd4 25. e5 Bc7 26. Nf3 g5 27. Nfxd4
Nxd4 28. Rxd4 gxf4 29. gxf4 Rg8 30. Ng3 Rg4 31. Re4 Rh4 32. b4 Rxh2 33. f5 Rh3
34. f6+ Kf7 35. Nf5 Bxe5 36. Ng7 Kxf6 37. Ne8+ Kf5 38. Re2 Rxa3 0-1

[Event "C.to Regionale Emilia-Romagna"]
[Site "Formigine ITA"]
[Date "2007.04.28"]
[Round "1"]
[White "Fiorentini, Davide"]
[Black "Gaspari, Mauro"]
[Result "0-1"]
[WhiteElo "1494"]
[BlackElo "1894"]
[PlyCount "67"]
[EventDate "2007.04.28"]

1. d4 d5 2. c4 e6 3. Nc3 c6 4. cxd5 exd5 5. Nf3 Bf5 6. Bg5 Nf6 7. e3 Bd6 8. Bd3
Bxd3 9. Qxd3 O-O 10. O-O Nbd7 11. a4 Re8 12. Rfe1 Qb6 13. a5 Qc7 14. Rec1 Qb8
15. h3 Ne4 16. a6 b6 17. Bh4 h6 18. Ne2 g5 19. Bg3 Bxg3 20. Nxg3 Nxg3 21. fxg3
Re6 22. g4 Qd6 23. Rc3 Rae8 24. Rac1 c5 25. b3 Re4 26. Rd1 Rxe3 27. Qxe3 Rxe3
28. Rxe3 Nf6 29. Red3 c4 30. bxc4 dxc4 31. Rc3 b5 32. Ne5 Nd5 33. Rf3 f5 34.
Rf2 0-1

[Event "C.to Regionale Emilia-Romagna"]
[Site "Formigine ITA"]
[Date "2007.04.28"]
[Round "1"]
[White "Fiorentini, Paolo"]
[Black "Giovannardi, Mirko"]
[Result "0-1"]
[WhiteElo "1982"]
[BlackElo "1578"]
[PlyCount "84"]
[EventDate "2007.04.28"]

1. d4 d5 2. c4 c6 3. Nc3 Nf6 4. Nf3 Nbd7 5. Bf4 e6 6. e3 Be7 7. Bd3 dxc4 8.
Bxc4 b5 9. Bd3 Bb7 10. O-O O-O 11. Qe2 a6 12. a4 b4 13. Ne4 c5 14. Ned2 cxd4
15. exd4 a5 16. Rac1 Nd5 17. Bg3 N7f6 18. Rfd1 Bd6 19. Ne5 Qe7 20. f4 Rfc8 21.
Nb3 Nb6 22. Bb5 Bd5 23. Nc6 Bxc6 24. Bxc6 Ra7 25. Qb5 Rb8 26. Qd3 Nfd5 27. f5
Rd8 28. fxe6 Qxe6 29. Re1 Qf6 30. Be5 Bxe5 31. Rxe5 Ne7 32. Qe4 g6 33. Bb5 Nbc8
34. Rf1 Qg7 35. Bc4 Nd6 36. Qd3 Nxc4 37. Qxc4 Nf5 38. Rd5 Re8 39. Qc5 Rae7 40.
Rdxf5 gxf5 41. Nxa5 Re2 42. Qxb4 Qxg2# 0-1

[Event "C.to Regionale Emilia-Romagna"]
[Site "Formigine ITA"]
[Date "2007.04.28"]
[Round "1"]
[White "Grandi, Davide"]
[Black "Chierici, Marianna"]
[Result "0-1"]
[WhiteElo "1673"]
[BlackElo "1996"]
[PlyCount "54"]
[EventDate "2007.04.28"]

1. c4 d6 2. Nc3 e5 3. g3 f5 4. Bg2 Nf6 5. d4 Nbd7 6. e3 g6 7. Nge2 Bg7 8. b4
O-O 9. O-O Nh5 10. f4 Nhf6 11. d5 Qe7 12. Nb5 Nb6 13. Qc2 a6 14. Na3 exf4 15.
exf4 Ng4 16. Bb2 Ne3 17. Qd2 Nbxc4 18. Nxc4 Nxc4 19. Qc2 Nxb2 20. Rab1 Qe3+ 21.
Kh1 Re8 22. Bf3 Qa3 23. Qxc7 Qxb4 24. a4 Qc5 25. Rbc1 Qxc7 26. Rxc7 Nxa4 27.
Rfc1 Nc5 0-1

[Event "C.to Regionale Emilia-Romagna"]
[Site "Formigine ITA"]
[Date "2007.04.28"]
[Round "1"]
[White "Lucchi, Lorenzo"]
[Black "Campidelli, Silvio"]
[Result "1-0"]
[WhiteElo "1940"]
[BlackElo "1554"]
[PlyCount "41"]
[EventDate "2007.04.28"]

1. e4 c6 2. d4 d5 3. Nc3 dxe4 4. Nxe4 Nd7 5. Nf3 Ngf6 6. Bd3 Nxe4 7. Bxe4 Nf6
8. Bd3 Bg4 9. Bg5 Bxf3 10. Qxf3 Qxd4 11. O-O-O Qg4 12. Qe3 Nd5 13. Qd2 h6 14.
Be3 Nxe3 15. fxe3 Rd8 16. Qa5 a6 17. Bf5 Rxd1+ 18. Rxd1 Qxd1+ 19. Kxd1 e6 20.
Bd3 Bd6 21. Qb6 1-0

[Event "C.to Regionale Emilia-Romagna"]
[Site "Formigine ITA"]
[Date "2007.04.28"]
[Round "1"]
[White "Marani, Luca"]
[Black "Bocci, Alessandro"]
[Result "0-1"]
[WhiteElo "1536"]
[BlackElo "1909"]
[PlyCount "42"]
[EventDate "2007.04.28"]

1. e4 c5 2. Nf3 Nc6 3. d4 cxd4 4. Nxd4 Qc7 5. Nc3 e6 6. Ndb5 Qb8 7. Be2 a6 8.
Na3 Nf6 9. Bf3 Bb4 10. Nc4 b5 11. e5 bxc4 12. exf6 Qe5+ 13. Be3 Bxc3+ 14. bxc3
Qxc3+ 15. Bd2 Qxf6 16. Bb4 Nxb4 17. O-O d5 18. c3 Nd3 19. Qa4+ Bd7 20. Qa3 Qe7
21. Qxe7+ Kxe7 0-1

[Event "C.to Regionale Emilia-Romagna"]
[Site "Formigine ITA"]
[Date "2007.04.28"]
[Round "1"]
[White "Muccini, Marco"]
[Black "Salvioli, Alessandro"]
[Result "1-0"]
[WhiteElo "1899"]
[BlackElo "1524"]
[PlyCount "101"]
[EventDate "2007.04.28"]

1. d4 Nf6 2. c4 g6 3. Nc3 Bg7 4. e4 d6 5. Bd3 O-O 6. f3 e5 7. d5 c6 8. Nge2 Ne8
9. O-O f5 10. f4 exf4 11. Bxf4 g5 12. Bd2 f4 13. Qc2 Nd7 14. e5 Nxe5 15. Bxh7+
Kh8 16. Ne4 cxd5 17. cxd5 Qb6+ 18. Kh1 Qd8 19. h4 g4 20. g3 fxg3 21. Bg5 Qc7
22. N4xg3 Qxc2 23. Bxc2 Nc7 24. Nf4 Rf7 25. Ng6+ Kg8 26. Ne7+ Kf8 27. Rxf7+
Kxf7 28. Rf1+ Ke8 29. Ne4 Nc4 30. b3 Nb6 31. Nxd6+ Kd7 32. Ndxc8 Nxc8 33. Bf5+
Kd6 34. Nxc8+ Kxd5 35. Ne7+ Ke5 36. Re1+ Kd6 37. Bxg4 Bf8 38. Bf4+ Kc5 39. Bxc7
Bxe7 40. Rxe7 Rh8 41. Re5+ Kc6 42. Rh5 Rg8 43. Rg5 Rh8 44. Bg3 a6 45. h5 b5 46.
Rg6+ Kb7 47. h6 a5 48. Be5 Rd8 49. h7 a4 50. h8=Q Rxh8+ 51. Bxh8 1-0

[Event "C.to Regionale Emilia-Romagna"]
[Site "Formigine ITA"]
[Date "2007.04.28"]
[Round "1"]
[White "Occari, Maurizio"]
[Black "Solinas, Roberto"]
[Result "1-0"]
[WhiteElo "1994"]
[BlackElo "1673"]
[PlyCount "61"]
[EventDate "2007.04.28"]

1. e4 c6 2. d4 d5 3. exd5 cxd5 4. c4 Nf6 5. Nc3 Nc6 6. Be3 b6 7. Nf3 dxc4 8.
Bxc4 e6 9. O-O Be7 10. Bb5 Bb7 11. Ne5 Rc8 12. Qa4 Qc7 13. Qxa7 O-O 14. Bxc6
Bxc6 15. Nxc6 Qxc6 16. Qxe7 Rfe8 17. Qb4 e5 18. dxe5 Rxe5 19. Rac1 Qe6 20. Qxb6
Qg4 21. Qd4 Qe6 22. Bf4 Rh5 23. Ne4 Re8 24. Nxf6+ gxf6 25. Qe3 Qd7 26. Qf3 Qf5
27. Rfe1 Rd8 28. Qe3 Qg6 29. Rc3 Kh8 30. Qe2 Rhd5 31. Rg3 1-0

[Event "C.to Regionale Emilia-Romagna"]
[Site "Formigine ITA"]
[Date "2007.04.28"]
[Round "1"]
[White "Quattrini, Massimo"]
[Black "Martinello, Christian"]
[Result "1-0"]
[WhiteElo "1718"]
[BlackElo "2051"]
[PlyCount "107"]
[EventDate "2007.04.28"]

1. e4 c5 2. c3 e6 3. d4 d5 4. exd5 Qxd5 5. Nf3 Nc6 6. Bd3 cxd4 7. cxd4 Bd7 8.
Nc3 Bb4 9. O-O Bxc3 10. bxc3 Nge7 11. a4 O-O 12. c4 Qh5 13. Ba3 Rfd8 14. Re1
Ng6 15. d5 exd5 16. cxd5 Bg4 17. dxc6 Nh4 18. Re3 Bxf3 19. gxf3 Qg5+ 20. Kf1
Ng2 21. Re4 Nf4 22. Rxf4 Qxf4 23. Be7 Re8 24. cxb7 Rad8 25. Bxd8 Qxh2 26. Be4
Qh1+ 27. Ke2 Rxe4+ 28. fxe4 Qxe4+ 29. Kd2 Qxb7 30. Rb1 Qd5+ 31. Kc1 Qc4+ 32.
Kb2 Qb4+ 33. Ka2 Qc4+ 34. Qb3 Qd4 35. Bh4 h5 36. Bg3 h4 37. Rd1 Qf6 38. Qb8+
Kh7 39. Qe5 Qg6 40. Rd5 Qc2+ 41. Ka3 Qc1+ 42. Kb4 Qb1+ 43. Kc4 Qa2+ 44. Kd3
Qb3+ 45. Ke2 Qc4+ 46. Kf3 g6 47. Bf4 Qf1 48. Rd8 Qh3+ 49. Bg3 Qh1+ 50. Ke2 f6
51. Qe7+ Kh6 52. Rh8+ Kg5 53. Qe3+ Kg4 54. Qf4+ 1-0

[Event "C.to Regionale Emilia-Romagna"]
[Site "Formigine ITA"]
[Date "2007.04.28"]
[Round "1"]
[White "Ravazzini, Luca"]
[Black "De Biaggi, Paolo"]
[Result "0-1"]
[WhiteElo "1644"]
[BlackElo "1989"]
[PlyCount "54"]
[EventDate "2007.04.28"]

1. e4 e5 2. Nf3 Nf6 3. Nxe5 d6 4. Nf3 Nxe4 5. Qe2 Qe7 6. d3 Nf6 7. Bg5 Be6 8.
Nc3 h6 9. Bh4 g5 10. Bg3 Bg7 11. Nd4 O-O 12. O-O-O Qd7 13. Nxe6 fxe6 14. Ne4
Nc6 15. Nxf6+ Rxf6 16. Qg4 Qf7 17. h4 h5 18. Qxg5 e5 19. Kb1 a5 20. Qe3 Nb4 21.
c4 d5 22. a3 Nc6 23. Qc5 dxc4 24. Qxc4 Re6 25. Be2 Nd4 26. Rhe1 b5 27. Qc5 Rc6
0-1

[Event "C.to Regionale Emilia-Romagna"]
[Site "Formigine ITA"]
[Date "2007.04.28"]
[Round "1"]
[White "Vicari, Luigi"]
[Black "Gigli, Claudio"]
[Result "1-0"]
[WhiteElo "2019"]
[BlackElo "1686"]
[PlyCount "33"]
[EventDate "2007.04.28"]

1. d4 Nf6 2. Nf3 g6 3. c4 c5 4. g3 Bg7 5. Bg2 O-O 6. O-O d6 7. dxc5 dxc5 8. Ne5
Qc7 9. Nd3 e5 10. Nc3 Bd7 11. Be3 Na6 12. Na4 Bxa4 13. Qxa4 Rad8 14. Qb5 Nd7
15. Qxb7 Qxb7 16. Bxb7 Nc7 17. Nxc5 1-0

[Event "C.to Regionale Emilia-Romagna"]
[Site "Formigine ITA"]
[Date "2007.04.28"]
[Round "1"]
[White "Vincenzi, Marco"]
[Black "Pazzini, Elia"]
[Result "1-0"]
[WhiteElo "2067"]
[BlackElo "1731"]
[PlyCount "93"]
[EventDate "2007.04.28"]

1. e4 e5 2. Nf3 Nc6 3. Bc4 Bc5 4. b4 Bxb4 5. c3 Ba5 6. d4 exd4 7. O-O Nge7 8.
cxd4 O-O 9. d5 Nb8 10. d6 cxd6 11. Bb2 Nbc6 12. Nc3 Bxc3 13. Bxc3 Qc7 14. Rc1
Ng6 15. Qd5 Nge5 16. Nxe5 dxe5 17. Rfd1 b6 18. Bb2 Bb7 19. Ba3 Nd4 20. Qxf7+
Rxf7 21. Bxf7+ Kxf7 22. Rxc7 Bc6 23. Bb2 Ne6 24. Rcxd7+ Bxd7 25. Rxd7+ Kf6 26.
Rd5 Nd4 27. Bxd4 exd4 28. Rxd4 Rc8 29. g3 Rc2 30. Ra4 a5 31. Kg2 Ke6 32. Kf3
Kd6 33. Ke3 Kc5 34. h4 Kb5 35. Ra3 a4 36. e5 Kb4 37. Rd3 Rc7 38. a3+ Kc4 39. f4
b5 40. Ke4 Kc5 41. Rc3+ Kb6 42. Rxc7 Kxc7 43. Kd4 Kc6 44. f5 h5 45. f6 gxf6 46.
exf6 Kd7 47. Kc5 1-0

[Event "C.to Regionale Emilia-Romagna"]
[Site "Formigine ITA"]
[Date "2007.04.28"]
[Round "2"]
[White "Bianchi, Andrea"]
[Black "Muccini, Marco"]
[Result "1-0"]
[WhiteElo "2131"]
[BlackElo "1899"]
[PlyCount "127"]
[EventDate "2007.04.28"]

1. e4 e5 2. Nf3 Nc6 3. Bc4 Bc5 4. c3 Nf6 5. d3 d6 6. b4 Bb6 7. a4 a6 8. O-O O-O
9. Re1 Bg4 10. h3 Bh5 11. Bb3 Kh8 12. Nbd2 Qd7 13. Nc4 Ba7 14. Ne3 Ne8 15. g4
Bg6 16. Nh4 f6 17. Nxg6+ hxg6 18. Qf3 Ne7 19. Qg3 Bxe3 20. Bxe3 d5 21. Bc5 Nd6
22. exd5 b6 23. Be3 Nf7 24. c4 f5 25. f4 g5 26. fxg5 f4 27. Qh4+ Kg8 28. Bd2
Ng6 29. Qh5 Qd6 30. d4 c5 31. Bc2 e4 32. bxc5 bxc5 33. Bxe4 f3 34. Kh1 Nfh8 35.
Bf5 Qg3 36. Rg1 Qf2 37. Rad1 Rae8 38. Bxg6 Nxg6 39. Qxg6 Re2 40. Qd6 Rxd2 41.
Rxd2 Qxd2 42. Qe6+ Kh8 43. Qe7 Kg8 44. Qe6+ Kh8 45. Qe4 Qc3 46. Rf1 f2 47. Kg2
cxd4 48. Rxf2 Rxf2+ 49. Kxf2 d3 50. Qe8+ Kh7 51. Qe4+ Kg8 52. g6 Qf6+ 53. Ke3
Qb6+ 54. Kxd3 Qb3+ 55. Kd4 Qb2+ 56. Kc5 Qa3+ 57. Kc6 Qxa4+ 58. Kd6 Qb4+ 59. Ke6
Qf8 60. Kd7 a5 61. Qe6+ Kh8 62. Qe7 Kg8 63. Qxf8+ Kxf8 64. Kc7 1-0

[Event "C.to Regionale Emilia-Romagna"]
[Site "Formigine ITA"]
[Date "2007.04.28"]
[Round "2"]
[White "Bocci, Alessandro"]
[Black "Buriani, Andrea"]
[Result "1/2-1/2"]
[WhiteElo "1909"]
[BlackElo "2144"]
[PlyCount "73"]
[EventDate "2007.04.28"]

1. d4 d5 2. c4 dxc4 3. Nf3 c5 4. e3 cxd4 5. exd4 Be6 6. Nc3 Nf6 7. Qa4+ Nc6 8.
Bxc4 Bxc4 9. Qxc4 e6 10. O-O Be7 11. Bg5 O-O 12. Rfd1 Qb6 13. Bxf6 Bxf6 14. d5
Na5 15. Qe2 Bxc3 16. bxc3 exd5 17. Rxd5 Rac8 18. Qd3 h6 19. Rd1 Nc4 20. Rb1 Qc6
21. h3 Nb6 22. Ra5 a6 23. Ra3 Nc4 24. Rab3 b5 25. Qf5 Rfe8 26. Rd1 Rc7 27. Rbb1
Nd6 28. Qd3 Ne4 29. Re1 Nxc3 30. Rxe8+ Qxe8 31. Re1 Qd7 32. Qc2 g6 33. Ne5 Qe6
34. Qd3 Kh7 35. Qd8 Qf6 36. Ng4 Qd4 37. Qf8 1/2-1/2